000
00471nam a2200145Ia 4500
008
151213s9999 xx 000 0 und d
100
_a
ঋধাবুল আজাদ
245
_a
নজরুলের গানের রাগ
_c
ঋধাবুল আজাদ
260
_a
ঢাকা।
_b
পান্না আজাদ।
_c
1994
300
_a
8705 p.
650
_a
Bangla
650
_a
গল্প
700
_a
ঋধাবুল আজাদ
999
_c
4491
_d
4491